Dobrý deň, pán Ampére

Gespeichert in:
Bibliographische Detailangaben
1. Verfasser: Borec, Tomáš (Verfasst von)
Format: Buch
Sprache:Slowakisch
Veröffentlicht: Bratislava : Alfa, 1973
Tags: Tag hinzufügen
Keine Tags, Fügen Sie das erste Tag hinzu!

MARC

LEADER 00000nam a22000003a 4500
001 stu34005
005 20150617225657.8
008 981117s1973------------------------slo-d
040 |a STU  |b slo 
041 0 |a slo 
080 |a 53.081 
080 |a 92  |7 stu_us_auth*stu5927 
100 1 |a Borec, Tomáš  |4 aut 
245 1 |a Dobrý deň, pán Ampére 
260 |a Bratislava :  |b Alfa,  |c 1973 
300 |a 253 s 
996 |b 284EK02005  |c E*31713  |l EE01  |s A  |a 24  |w stu34005_0001